000 00388cam a2200169 4500
001 D6331
008 090401t1981 xxu||||| |||| 00| 0 eng d
035 _a(Sirsi) u289
041 _aeng
050 _a333.33025
245 _aKemps property industry year book 1981
260 _aLondon
_bKemps Group
_c1981
300 _a466p. 21cm
350 _a0
942 _n0
948 _c04/03/1997
999 _c85519
_d85519